| 000 | 00794cam a2200205 4500 | ||
|---|---|---|---|
| 001 | WB3906-01 | ||
| 008 | 030211n2003 000 0 eng u | ||
| 035 | _a(Sirsi) u121320 | ||
| 245 | _aAntique furniture prices stall by 2% | ||
| 260 | _c2003 | ||
| 490 |
_aAntique Collecters' Club Press Release _v 2003 (2) |
||
| 520 | _aThe Antique Collectors' Club Antique furniture index recorded a drop of 2% at the end of 2002. It fell from 3 575 to 3 492 from its opening figure of 100 in 1968. The decline is mainly due to slow trade since 11 September 2001. http://www.antique-acc.com/acatalog/FurnitureIndex.htm. | ||
| 590 | _aWB | ||
| 650 | _aANTIQUE COLLECTORS CLUB | ||
| 650 | _aFURNITURE | ||
| 650 | _aINDEX | ||
| 650 | _aHOUSE PRICES | ||
| 690 | _aANTIQUES AND FINE ART | ||
| 942 | _n0 | ||
| 999 |
_c72093 _d72093 |
||